000 01360nam a2200349 a 4500
001 ebr10648814
003 CaPaEBR
006 m u
007 cr cn|||||||||
008 861230s1987 nyub sb 001 0 eng d
010 _z 86032946
020 _z0801419352 (alk. paper)
020 _z9780801499845 (pbk. alk. paper)
020 _z9780801467271 (e-book)
040 _aCaPaEBR
_cCaPaEBR
035 _a(OCoLC)650013233
043 _ae-gr---
050 1 4 _aDF229.37
_b.K34 1987eb
082 0 4 _a938/.05
_219
100 1 _aKagan, Donald.
245 1 4 _aThe fall of the Athenian Empire
_h[electronic resource] /
_cDonald Kagan.
260 _aIthaca, N.Y. :
_bCornell University Press,
_c1987.
300 _axviii, 455 p. :
_bmaps.
500 _aFirst printing, Cornell Paperbacks, 1991.
504 _aIncludes bibliographical references (p. 427-432) and indexes.
533 _aElectronic reproduction.
_bPalo Alto, Calif. :
_cebrary,
_d2013.
_nAvailable via World Wide Web.
_nAccess may be limited to ebrary affiliated libraries.
651 0 _aGreece
_xHistory
_yPeloponnesian War, 431-404 B.C.
651 0 _aAthens (Greece)
_xHistory.
655 7 _aElectronic books.
_2local
710 2 _aebrary, Inc.
856 4 0 _uhttp://site.ebrary.com/lib/rucke/Doc?id=10648814
_zAn electronic book accessible through the World Wide Web; click to view
999 _c34781
_d34781